Applied Mathematics -I/ (Record no. 201546)

MARC details
000 -LEADER
fixed length control field 00627nam a22002057a 4500
005 - DATE AND TIME OF LATEST TRANSACTION
control field 20240318105212.0
010 ## - LCCN (DPL NO)
LC control number ENG-139738
020 ## - INTERNATIONAL STANDARD BOOK NUMBER
International Standard Book Number 9789325981041
Terms of availability 252.00
035 ## - SYSTEM CONTROL NUMBER
System control number EN-1
037 ## - SOURCE OF ACQUISITION
Source of stock number/acquisition DBAD/PUB
082 ## - DEWEY DECIMAL CLASSIFICATION NUMBER
Classification number 510
100 ## - MAIN ENTRY--PERSONAL NAME
Personal name Bikas Chandra Bhui
245 ## - TITLE STATEMENT
Title Applied Mathematics -I/
Statement of responsibility, etc By Bikas Chandra Bhui
260 ## - PUBLICATION, DISTRIBUTION, ETC. (IMPRINT)
Place of publication, distribution, etc Noida (UP)
Name of publisher, distributor, etc Vikas Publishing House PVT LTD
Date of publication, distribution, etc 2015
270 ## - ADDRESS
Address E-28,Sector -8,
City Noida
Postal code 201301
300 ## - PHYSICAL DESCRIPTION
Extent 380p.
Dimensions 24cm(pbk)
Other physical details References & Index
700 ## - ADDED ENTRY--PERSONAL NAME
Personal name Bhui, Bikas Chandra
Relator term Author
9 (RLIN) 63463
700 ## - ADDED ENTRY--PERSONAL NAME
Personal name Mohapatra, Kirti
Relator term Author
9 (RLIN) 63464
942 ## - ADDED ENTRY ELEMENTS (KOHA)
Source of classification or shelving scheme Dewey Decimal Classification
Item type English Books
Call number suffix 510
Classification part BHU
Holdings
Withdrawn status Lost status Not for loan Collection code Home library Current library Date acquired Source of acquisition Cost, normal purchase price Full call number Barcode Copy number Cost, replacement price Koha item type
      Non-fiction Bawana Bawana 18/03/2024 DBAD 252.00 510 BHU EN-123270 1 252.00 English Books

© Delhi Public Library
Hit Counter
free hit counter